TARİH ÖNCESİ (Record no. 1077725)

MARC details
000 -LEADER
sabit uzunluktaki kontrol alanı 00241nam a2200097Ia 4500
001 - KONTROL NUMARASI
kontrol alanı 1077725
005 - EN SON İŞLEMİN TARİH VE ZAMANI
kontrol alanı 20250827002321.0
008 - SABİT-UZUNLUKTA VERİ ÖĞELERİ--GENEL BİLGİ
sabit uzunluktaki kontrol alanı 250824s9999 xx 000 0 und d
245 #0 - ESER / YAZAR
ESER ADI TARİH ÖNCESİ
Yazar Adı NURBAHAR GÜROL
260 ## - YAYIN, DAĞITIM, VB.
YAYIN EVİ BETA YAYINLARI
Holdings
Düşüm durumu Kayıp durumu Hasar Durumu Ödünç verilmez Ana kütüphane Geçerli Kütüphane Edinilen tarih Toplam ödünç verme sayısı Barkod Son görüntüleme tarihi Son ödünç verme tarihi Fiyatın geçerli olmaya başladığı tarih Koha materyal türü
        OVA UN İLKOKULU OVA UN İLKOKULU 24.08.2025 2 10841029 31.12.2025 17.12.2025 27.08.2025 Books